Basic mathematics for television and radio. / (Record no. 8001)
[ view plain ]
| 000 -LEADER | |
|---|---|
| fixed length control field | 00866nam a2200265 a 4500 |
| 001 - CONTROL NUMBER | |
| control field | 8001 |
| 003 - CONTROL NUMBER IDENTIFIER | |
| rucl marc code | BD-RjUL |
| 005 - DATE AND TIME OF LATEST TRANSACTION | |
| control field | 20211208234516.0 |
| 008 - FIXED-LENGTH DATA ELEMENTS--GENERAL INFORMATION | |
| fixed length control field | 140116r19611953nyua 001 0 eng d |
| 035 ## - SYSTEM CONTROL NUMBER | |
| System control number | (BD-RjUL)8046 |
| 040 ## - CATALOGING SOURCE | |
| Original cataloging agency | ANL |
| Language of cataloging | eng |
| Transcribing agency | ANL |
| Modifying agency | BD-RjUL |
| 041 ## - LANGUAGE CODE | |
| Language code of text/sound track or separate title | eng |
| 082 04 - DEWEY DECIMAL CLASSIFICATION NUMBER | |
| Classification number | 510 |
| Author mark and year | MAB 1961 |
| 100 1# - MAIN ENTRY--PERSONAL NAME | |
| Personal name | Maedel, George Frederick. |
| 9 (RLIN) | 24963 |
| 245 10 - TITLE STATEMENT | |
| Title | Basic mathematics for television and radio. / |
| Statement of responsibility, etc. | by George Frederick. Maedel, |
| 250 ## - EDITION STATEMENT | |
| Edition statement | 2d ed. |
| 260 ## - PUBLICATION, DISTRIBUTION, ETC. (IMPRINT) | |
| Place of publication, distribution, etc. | New York : |
| Name of publisher, distributor, etc. | Prentice-Hall, |
| Date of publication, distribution, etc. | 1953 [reprinted 1961]. |
| 300 ## - PHYSICAL DESCRIPTION | |
| Pagination | viii, 405 p. : |
| Illustrations | diagrs.; |
| Size | 24 cm. |
| 500 ## - GENERAL NOTE | |
| General note | Originally published under title: Mathematics for radio and communication. |
| 504 ## - BIBLIOGRAPHY, ETC. NOTE | |
| Bibliography, etc | Includes index. |
| 650 #0 - SUBJECT ADDED ENTRY--TOPICAL TERM | |
| Topical term or geographic name as entry element | Mathematics. |
| 9 (RLIN) | 24965 |
| 942 ## - ADDED ENTRY ELEMENTS (KOHA) | |
| Source of classification or shelving scheme | Dewey Decimal Classification |
| Koha item type | Books |
| Lost status | Source of classification or shelving scheme | Damaged status | Not for loan | Collection code | Permanent Location | Current Location | Date acquired | Source of acquisition | Cost, normal purchase price | Total Checkouts | Full call number | Date last seen | Copy number | Koha item type | Shelving location |
|---|---|---|---|---|---|---|---|---|---|---|---|---|---|---|---|
| Dewey Decimal Classification | Non-fiction | Central Library, University of Rajshahi | Central Library, University of Rajshahi | 12/02/1963 | Zeithlinger. | 45.00 | 510 MAB 1961 | 16/01/2014 | C-2 | Books | |||||
| Dewey Decimal Classification | Non-fiction | Central Library, University of Rajshahi | Central Library, University of Rajshahi | 12/02/1963 | Zaitlinger | 45.00 | 510 MAB 1961 | 27/08/2016 | C-3 | Books |